ბათუმის შოთა რუსთაველის სახელმწიფო უნივერსიტეტის ბიბლიოთეკა

სანახებნი ქართლისანი : (ბიბ.ჩანაწერი № 64138)

000 -ლიდერი
ფიქსირებული სიგრძის საკონტროლო ველი 02149nam a22002417a 4500
003 - საკონტროლო ნომრის იდენტიფიკატორი
საკონტროლო ველი Ge_BSU
005 - ბოლო ოპერაციის თარიღი და დრო
საკონტროლო ველი 20260415160615.0
008 - ფიქსირებული სიგრძის მონაცემთა ელემენტები - ზოგადი ინფორმაცია
ფიქსირებული სიგრძის საკონტროლო ველი 260415s2024 ge ||||| |||| 00| 0 geo d
020 ## - წიგნის საერთაშორისო სტანდარტული ნომერი
International Standard Book Number 9789941972935
041 ## - ენის კოდი
Language code of text/sound track or separate title geo
080 ## - უნივერსალური ათობითი კლასიფიკაციის ინდექსი
Universal Decimal Classification number 94(479.22): 91(479.22) ჭ-33
100 ## - მთავარი ჩანაწერი - პიროვნების სახელი
Personal name ჭეიშვილი, გიორგი
9 (RLIN) 18760
245 ## - ცნობა სათაურის შესახებ
Title სანახებნი ქართლისანი :
Remainder of title ისტორიულ-გეოგრაფიული ნარკვევები /
Statement of responsibility, etc გიორგი ჭეიშვილი; რედაქტორი დავით მუსხელიშვილი; ევროპის უნივერსიტეტი, ანდრია აფაქიძის სახ. არქეოლოგიის ინსტიტუტი, თბილისის სახელმწ. უნივერსიტეტი, ივანე ჯავახიშვილის სახ. ისტორიისა და ეთნოლოგიის ინსტიტუტი.
264 ## - წარმოების, გამოცემის, დისტრიბუციის და სხვა ცნობები
გამოცემის, წარმოების, დისტრიბუციის... ადგილი თბილისი :
გამოცემის, წარმოების, დისტრიბუციის... სახელწოდება Aureus,
გამოცემის, წარმოების, დისტრიბუციის... თარიღი 2024.
300 ## - ფიზიკური აღწერა
Extent 216 გვ. :
Other physical details რუკები ;
Dimensions 24 სმ.
500 ## - ზოგადი შენიშვნა
General note გარეკანის პირველ გვერდზე: ქაჯეთის ციხე. მიხეილ ფხაჭიაშვილის ფოტო. 2008.
504 ## - BIBLIOGRAPHY, ETC. NOTE
Bibliography, etc ბიბლიოგრაფია ტექსტის შენიშვნებში.
653 ## - INDEX TERM--UNCONTROLLED
Uncontrolled term ისტორია
653 ## - INDEX TERM--UNCONTROLLED
Uncontrolled term გეოგრაფია
700 ## - ADDED ENTRY--PERSONAL NAME
Personal name მუსხელიშვილი, დავით
Relator term რედაქტორი
9 (RLIN) 27319
710 ## - ADDED ENTRY--CORPORATE NAME
Corporate name or jurisdiction name as entry element ევროპის უნივერსიტეტი. ანდრია აფაქიძის სახ. არქეოლოგიის ინსტიტუტი. თბილისის სახელმწ. უნივერსიტეტი.
Subordinate unit ივანე ჯავახიშვილის სახ. ისტორიისა და ეთნოლოგიის ინსტიტუტი.
9 (RLIN) 27320
942 ## - ADDED ENTRY ELEMENTS (KOHA)
Source of classification or shelving scheme
Koha item type წიგნი
ეგზემპლარები
ჩამოწერის სტატუსი დაკარგული ეგზემპლარის სტატუსი კლასიფიკაციის წყარო ან თაროზე გაწყობის სქემა დაზიანების სტატუსი არ გაიცემა მუდმივი მდებარეობა (დაცვის ადგილი) ამჟამინდელი ადგილსამყოფელი თაროზე განთავსების ადგილი შეძენის თარიღი ღირებულება, შესყიდვის ნორმალური ფასი სრული შენახვის შიფრი შტრიხკოდი ბოლო ოპერაციის თარიღი ეგზემპლარის მიმდევრობითი ნომერი (კეტერი?) Uniform Resource Identifier ფასის ძალაში შესვლის თარიღი ეგზემპლარის სახეობა საჯარო შენიშვნა
          ბათუმის შოთა რუსთაველის სახელმწიფო უნივერსიტეტის მთავარი ბიბლიოთეკა ბათუმის შოთა რუსთაველის სახელმწიფო უნივერსიტეტის მთავარი ბიბლიოთეკა წიგნსაცავი 2026-04-15 10.00 94(479.22): 91(479.22) ჭ-33 74280 2026-04-15 74280 ნაჩუქარი 2026-04-15 წიგნი 10 ლ.